000 00253nam a22001097a 4500
082 _a669 ENE'G
100 _aGOVT OF PAKISTAN
_911105
245 _aENERGY YEAR BOOK - 1984
260 _aISLAMABAD
_bGOVT OF PAKISTAN
_c1984
300 _a107P
942 _cBK
999 _c576792
_d576792